[Event "Oberliga Ost B 2016 2017"]
[Site "Germany"]
[Date "2017.02.18"]
[Round "6.7"]
[White "Koller, Jens"]
[Black "Walther, Cliff"]
[Result "1-0"]
[WhiteElo "2203"]
[BlackElo "2172"]
[PlyCount "119"]
[EventDate "2016.10.16"]
[EventType "team-tourn"]
[EventCountry "GER"]
[WhiteTeam "Oberursel SV"]
[BlackTeam "Frankfurt SC Brett vorm Kopp"]
[WhiteTeamCountry "GER"]
[BlackTeamCountry "GER"]

1. e4 d6 2. d4 Nf6 3. Nc3 g6 4. Nge2 Bg7 5. g3 O-O 6. Bg2 e5 7. O-O Nc6 8. dxe5
dxe5 9. h3 Be6 10. Nd5 Nd4 11. Nxd4 exd4 12. Nf4 Bc4 13. Re1 Nd7 14. b3 Bb5 15.
Bb2 c5 16. Nd3 Re8 17. f4 Qb6 18. Kh2 Bc6 19. e5 Bxg2 20. Kxg2 f6 21. Qf3 fxe5
22. fxe5 Kh8 23. Qd5 Rad8 24. e6 Ne5 25. Qe4 Rxe6 26. Nf4 Ree8 27. Rad1 Qb5 28.
c3 Qc6 29. Qxc6 Nxc6 30. Ne6 Rd5 31. Nxc5 Rde5 32. Rxe5 Rxe5 33. Nd3 Re2+ 34.
Kf3 Re8 35. c4 Re3+ 36. Kf2 Kg8 37. Nf4 Re4 38. Re1 Rxe1 39. Kxe1 Be5 40. Kd2
Kf7 41. Kd3 h5 42. Ke4 g5 43. Nxh5 Kg6 44. g4 a6 45. Ba3 b5 46. cxb5 axb5 47.
Bc1 Bh2 48. Kd5 Nb4+ 49. Kxd4 Nxa2 50. Bd2 b4 51. Kc4 Bd6 52. Be1 Nc1 53. Ng3
Bxg3 54. Bxg3 Ne2 55. Bf2 Nf4 56. Be3 Nxh3 57. Kxb4 Nf4 58. Kc4 Ne6 59. b4 Kf6
60. Kd5 1-0

[Event "Oberliga Ost B 2016 2017"]
[Site "Germany"]
[Date "2017.02.18"]
[Round "6.8"]
[White "Syed, Tareq"]
[Black "Haakert, Juergen"]
[Result "1/2-1/2"]
[WhiteElo "2010"]
[BlackElo "2341"]
[PlyCount "40"]
[EventDate "2016.10.16"]
[EventType "team-tourn"]
[EventCountry "GER"]
[WhiteTeam "Frankfurt SC Brett vorm Kopp"]
[BlackTeam "Oberursel SV"]
[WhiteTeamCountry "GER"]
[BlackTeamCountry "GER"]

1. e4 Nf6 2. d3 d5 3. Nd2 e6 4. c3 c5 5. e5 Nfd7 6. f4 Nc6 7. g3 f6 8. exf6
Nxf6 9. Ngf3 Bd6 10. Bg2 O-O 11. O-O Qe8 12. Re1 Qg6 13. Nb3 Bd7 14. Ne5 Bxe5
15. fxe5 Ng4 16. Nxc5 Ngxe5 17. d4 b6 18. Nxd7 Nxd7 19. Bf4 Rac8 20. Qb1 Rf6
1/2-1/2

[Event "Oberliga Ost B 2016 2017"]
[Site "Germany"]
[Date "2017.02.18"]
[Round "6.1"]
[White "Uwira, Oliver"]
[Black "Kunin, Vitaly"]
[Result "1/2-1/2"]
[WhiteElo "2254"]
[BlackElo "2595"]
[PlyCount "101"]
[EventDate "2016.10.16"]
[EventType "team-tourn"]
[EventCountry "GER"]
[WhiteTeam "Frankfurt SC Koenig Nied"]
[BlackTeam "Moerlenbach Birkenau Freibauer"]
[WhiteTeamCountry "GER"]
[BlackTeamCountry "GER"]

1. e4 c5 2. Nf3 d6 3. Bb5+ Nc6 4. O-O Bd7 5. Re1 a6 6. Bxc6 Bxc6 7. d4 cxd4 8.
Qxd4 Nf6 9. Bg5 e6 10. Nc3 Be7 11. Nd5 Bxd5 12. exd5 e5 13. Qb4 Qc7 14. Bxf6
Bxf6 15. c4 O-O 16. Rad1 Rfc8 17. Nd2 b5 18. cxb5 axb5 19. Ne4 Be7 20. Nc3 Rcb8
21. a3 f5 22. Nxb5 Qa5 23. Qxa5 Rxa5 24. Nd4 exd4 25. Rxe7 Rxb2 26. g3 Rxd5 27.
Rd3 g5 28. Ra7 g4 29. Ra4 Rb1+ 30. Kg2 Rc5 31. Raxd4 Rcc1 32. f4 Rg1+ 33. Kf2
Rbf1+ 34. Ke2 Re1+ 35. Kd2 Re6 36. Kc3 Rh1 37. Rxd6 Rxd6 38. Rxd6 Rxh2 39. a4
Kf7 40. a5 Ra2 41. Kb4 h5 42. Rh6 Rb2+ 43. Kc5 Rc2+ 44. Kb6 Rb2+ 45. Ka7 Rb3
46. Rxh5 Ke6 47. a6 Rxg3 48. Kb7 Rb3+ 49. Kc7 Rc3+ 50. Kb7 Rb3+ 51. Kc7 1/2-1/2

[Event "Oberliga Ost B 2016 2017"]
[Site "Germany"]
[Date "2017.02.18"]
[Round "6.2"]
[White "Galdunts, Sergey"]
[Black "Staller, Peter"]
[Result "1-0"]
[WhiteElo "2415"]
[BlackElo "2264"]
[PlyCount "69"]
[EventDate "2016.10.16"]
[EventType "team-tourn"]
[EventCountry "GER"]
[WhiteTeam "Moerlenbach Birkenau Freibauer"]
[BlackTeam "Frankfurt SC Koenig Nied"]
[WhiteTeamCountry "GER"]
[BlackTeamCountry "GER"]

1. e4 c5 2. Nf3 e6 3. Nc3 a6 4. d4 cxd4 5. Nxd4 Qc7 6. Be2 Nf6 7. O-O d6 8. f4
Nc6 9. Be3 Be7 10. a4 Bd7 11. Nb3 b6 12. Bf3 Rb8 13. Qe2 Bc8 14. Rad1 O-O 15.
g4 Re8 16. g5 Nd7 17. Bg2 Bf8 18. Rf3 Na5 19. Nd4 g6 20. Rh3 e5 21. Nd5 Qc4 22.
Qg4 h5 23. Rxh5 Qxd5 24. exd5 Nf6 25. Rh8+ Kxh8 26. Qh4+ Kg8 27. Nc6 Nxc6 28.
dxc6 Ng4 29. c7 Rb7 30. Bxb7 Nxe3 31. Bxc8 Rxc8 32. Qh3 Nf5 33. Qc3 Nd4 34.
Rxd4 exd4 35. Qc6 1-0

[Event "Oberliga Ost B 2016 2017"]
[Site "Germany"]
[Date "2017.02.18"]
[Round "6.3"]
[White "Chandler, Patrick"]
[Black "Legde, Georg"]
[Result "1-0"]
[WhiteElo "2154"]
[BlackElo "2309"]
[PlyCount "61"]
[EventDate "2016.10.16"]
[EventType "team-tourn"]
[EventCountry "GER"]
[WhiteTeam "Frankfurt SC Koenig Nied"]
[BlackTeam "Moerlenbach Birkenau Freibauer"]
[WhiteTeamCountry "GER"]
[BlackTeamCountry "GER"]

1. Nf3 c5 2. g4 e5 3. d3 d5 4. h3 Nc6 5. Nc3 Nge7 6. e4 h5 7. g5 Be6 8. Bg2 d4
9. Ne2 Qd7 10. Nh4 g6 11. f4 Bg7 12. a3 f6 13. gxf6 Bxf6 14. Nf3 a5 15. fxe5
Nxe5 16. Nxe5 Bxe5 17. Bf4 Qd6 18. Qd2 O-O 19. O-O Kh7 20. Bh6 Rxf1+ 21. Rxf1
b6 22. Bf8 Bg7 23. Bxg7 Kxg7 24. Qg5 Rf8 25. Rxf8 Kxf8 26. Qf6+ Ke8 27. Nf4 Kd7
28. e5 Ng8 29. Qg7+ Qe7 30. Nxe6 Kxe6 31. Qxg8+ 1-0

[Event "Oberliga Ost B 2016 2017"]
[Site "Germany"]
[Date "2017.02.18"]
[Round "6.4"]
[White "Dittmar, Peter"]
[Black "Graf, Gerd"]
[Result "1-0"]
[WhiteElo "2266"]
[BlackElo "2237"]
[PlyCount "73"]
[EventDate "2016.10.16"]
[EventType "team-tourn"]
[EventCountry "GER"]
[WhiteTeam "Moerlenbach Birkenau Freibauer"]
[BlackTeam "Frankfurt SC Koenig Nied"]
[WhiteTeamCountry "GER"]
[BlackTeamCountry "GER"]

1. d4 Nf6 2. Nc3 g6 3. e4 d6 4. Nf3 Bg7 5. Be2 O-O 6. O-O c6 7. a4 b6 8. h3 Qc7
9. d5 Bb7 10. Re1 Nbd7 11. Bf4 Rfe8 12. Qd2 a6 13. Bf1 Rac8 14. Rad1 cxd5 15.
exd5 Qb8 16. Bh6 Bh8 17. Nd4 Rxc3 18. bxc3 Nxd5 19. c4 Nc7 20. Nf5 Ne6 21. Ne3
Qd8 22. Nd5 Nec5 23. Bg5 f6 24. Bh6 Ne5 25. Be3 e6 26. Nf4 g5 27. Nh5 Nf7 28.
f4 gxf4 29. Bxc5 bxc5 30. Qxf4 Ne5 31. Qg3+ Kf7 32. Qf4 Bg7 33. Rxe5 dxe5 34.
Qg3 Bh6 35. Rxd8 Rxd8 36. Qf2 f5 37. Qxc5 1-0

[Event "Oberliga Ost B 2016 2017"]
[Site "Germany"]
[Date "2017.02.18"]
[Round "6.5"]
[White "Perlitz, Sven"]
[Black "Felgendreher, Heiko"]
[Result "1/2-1/2"]
[WhiteElo "2065"]
[BlackElo "2222"]
[PlyCount "84"]
[EventDate "2016.10.16"]
[EventType "team-tourn"]
[EventCountry "GER"]
[WhiteTeam "Frankfurt SC Koenig Nied"]
[BlackTeam "Moerlenbach Birkenau Freibauer"]
[WhiteTeamCountry "GER"]
[BlackTeamCountry "GER"]

1. e4 c5 2. Nf3 Nc6 3. c3 d5 4. exd5 Qxd5 5. d4 Bf5 6. Be2 e6 7. Na3 Nf6 8. O-O
Qd7 9. Ne5 Nxe5 10. dxe5 Qxd1 11. Rxd1 Nd7 12. Nb5 Kd8 13. Bg5+ Be7 14. Nd6
Bxg5 15. Nxf7+ Ke7 16. Nxg5 Nxe5 17. f4 Ng6 18. g3 h6 19. Nf3 Rhd8 20. h4 Bg4
21. Kf2 Kf6 22. Bd3 Ne7 23. Be4 Rab8 24. a3 Nf5 25. Bc2 Nd6 26. Bd3 Bf5 27.
Bxf5 exf5 28. Ne5 g5 29. hxg5+ hxg5 30. Kf3 Rbc8 31. Rh1 g4+ 32. Kg2 Nf7 33.
Nxf7 Rd2+ 34. Kf1 Kxf7 35. Re1 Rcd8 36. Rh7+ Kf6 37. Ree7 Rd1+ 38. Ke2 R1d2+
39. Ke1 Rd1+ 40. Ke2 R8d2+ 41. Ke3 Rd3+ 42. Ke2 R1d2+ 1/2-1/2

[Event "Oberliga Ost B 2016 2017"]
[Site "Germany"]
[Date "2017.02.18"]
[Round "6.6"]
[White "Boehmer, Christian"]
[Black "Goll, Christof"]
[Result "1/2-1/2"]
[WhiteElo "2166"]
[BlackElo "2082"]
[PlyCount "80"]
[EventDate "2016.10.16"]
[EventType "team-tourn"]
[EventCountry "GER"]
[WhiteTeam "Moerlenbach Birkenau Freibauer"]
[BlackTeam "Frankfurt SC Koenig Nied"]
[WhiteTeamCountry "GER"]
[BlackTeamCountry "GER"]

1. e4 e6 2. d3 d5 3. Nd2 Nf6 4. Ngf3 Bc5 5. e5 Nfd7 6. d4 Bb6 7. c3 c5 8. dxc5
Nxc5 9. Nb3 Nc6 10. Nxc5 Bxc5 11. Bd3 f6 12. b4 Bb6 13. b5 Na5 14. Qc2 f5 15.
Ba3 Bd7 16. g4 g6 17. O-O-O Rc8 18. gxf5 gxf5 19. Bxf5 Qc7 20. Bb4 Bc5 21. Kb1
Bxb4 22. cxb4 Qxc2+ 23. Bxc2 Nc4 24. Bb3 O-O 25. Rhg1+ Kh8 26. Rg3 Be8 27. Ng5
Bg6+ 28. Ka1 Bf5 29. Bxc4 Rxc4 30. a3 h6 31. Nf3 Bg4 32. Rd3 Bf5 33. Rd4 Rc1+
34. Kb2 Rfc8 35. Rd2 R1c2+ 36. Rxc2 Rxc2+ 37. Kb3 Rc4 38. Nd2 Rc2 39. Nf3 Rc4
40. Nd2 Rc2 1/2-1/2

[Event "Oberliga Ost B 2016 2017"]
[Site "Germany"]
[Date "2017.02.18"]
[Round "6.7"]
[White "Lemonidis, Christos"]
[Black "Schaefer, Michael"]
[Result "0-1"]
[WhiteElo "1810"]
[BlackElo "2166"]
[PlyCount "64"]
[EventDate "2016.10.16"]
[EventType "team-tourn"]
[EventCountry "GER"]
[WhiteTeam "Frankfurt SC Koenig Nied"]
[BlackTeam "Moerlenbach Birkenau Freibauer"]
[WhiteTeamCountry "GER"]
[BlackTeamCountry "GER"]

1. e4 c5 2. d3 g6 3. g3 Bg7 4. Bg2 Nc6 5. Nf3 d6 6. O-O Nf6 7. Nbd2 O-O 8. Re1
Rb8 9. Nf1 Qc7 10. Ne3 e5 11. Nh4 Qd8 12. Kh1 Be6 13. c4 Nd4 14. Rg1 b5 15. b3
a5 16. h3 a4 17. bxa4 bxc4 18. dxc4 Ra8 19. Bd2 Qd7 20. a5 Bxh3 21. f3 Be6 22.
Nd5 Bxd5 23. cxd5 Nh5 24. Kh2 Bf6 25. Bf1 Qe7 26. Ng2 Bg5 27. Ne3 Rab8 28. Rg2
Kh8 29. Nc4 Bxd2 30. Rxd2 f5 31. exf5 Rxf5 32. Rf2 Qg5 0-1

[Event "Oberliga Ost B 2016 2017"]
[Site "Germany"]
[Date "2017.02.18"]
[Round "6.8"]
[White "Wohlfart, Paulus"]
[Black "Pruefert, Franziska"]
[Result "1-0"]
[WhiteElo "2111"]
[BlackElo "1747"]
[PlyCount "81"]
[EventDate "2016.10.16"]
[EventType "team-tourn"]
[EventCountry "GER"]
[WhiteTeam "Moerlenbach Birkenau Freibauer"]
[BlackTeam "Frankfurt SC Koenig Nied"]
[WhiteTeamCountry "GER"]
[BlackTeamCountry "GER"]

1. d4 d6 2. Nf3 g6 3. e4 Bg7 4. Nc3 Nf6 5. Bc4 O-O 6. Bb3 Nc6 7. h3 e5 8. Be3
Na5 9. O-O Nxb3 10. axb3 a6 11. dxe5 dxe5 12. Qxd8 Rxd8 13. Ra5 Nxe4 14. Nxe4
f5 15. Nc3 e4 16. Nd2 Be6 17. Rfa1 Rd7 18. f4 Rad8 19. Nf1 Bf6 20. Kf2 h6 21.
Ke2 g5 22. Rd1 Kf7 23. Rxd7+ Rxd7 24. Nd2 Kg6 25. Ra1 c6 26. Na4 Bf7 27. Nc5
Re7 28. c3 gxf4 29. Bxf4 Bg5 30. g3 e3 31. Nf3 Bd5 32. c4 Bxf3+ 33. Kxf3 Bf6
34. Re1 a5 35. Rxe3 Rxe3+ 36. Kxe3 b5 37. Nd3 bxc4 38. bxc4 a4 39. Be5 Bg5+ 40.
Kd4 Kf7 41. Nc5 1-0

[Event "Oberliga Ost B 2016 2017"]
[Site "Germany"]
[Date "2017.02.18"]
[Round "6.1"]
[White "Keller, Peter"]
[Black "Geske, Julian"]
[Result "0-1"]
[WhiteElo "2285"]
[BlackElo "2399"]
[PlyCount "106"]
[EventDate "2016.10.16"]
[EventType "team-tourn"]
[EventCountry "GER"]
[WhiteTeam "Frankfurter TV"]
[BlackTeam "Wiesbadener SV"]
[WhiteTeamCountry "GER"]
[BlackTeamCountry "GER"]

1. e4 e5 2. Nf3 Nc6 3. Bb5 a6 4. Ba4 Nf6 5. O-O Nxe4 6. d4 b5 7. Bb3 d5 8. dxe5
Be6 9. Nbd2 Nc5 10. c3 Be7 11. Bc2 Bg4 12. h3 Bh5 13. Re1 O-O 14. Nb3 Ne6 15.
g4 Bg6 16. Nfd4 Ncxd4 17. Nxd4 Nxd4 18. cxd4 c5 19. Be3 Rc8 20. Bxg6 hxg6 21.
dxc5 Bxc5 22. Bxc5 Rxc5 23. Qd3 Qd7 24. Rad1 Rd8 25. Rc1 Rxc1 26. Rxc1 d4 27.
Qe4 Qd5 28. Qxd5 Rxd5 29. Rd1 Kf8 30. h4 d3 31. Rd2 Rd4 32. Kh2 Rxg4 33. Rxd3
Rxh4+ 34. Kg3 g5 35. Rd8+ Ke7 36. Ra8 Ra4 37. a3 g6 38. Kg2 a5 39. Kg3 Ke6 40.
Re8+ Kd5 41. Re7 Rf4 42. b3 b4 43. a4 Kd4 44. Ra7 Kc3 45. Rxa5 Kxb3 46. e6 fxe6
47. Rxg5 Rf6 48. a5 Ka4 49. a6 e5 50. a7 Ra6 51. Rxe5 Rxa7 52. Re6 g5 53. Kg4
Ra5 0-1

[Event "Oberliga Ost B 2016 2017"]
[Site "Germany"]
[Date "2017.02.18"]
[Round "6.2"]
[White "Dubkov, Andrej"]
[Black "Telljohann, Sven"]
[Result "1-0"]
[WhiteElo "2283"]
[BlackElo "2409"]
[PlyCount "93"]
[EventDate "2016.10.16"]
[EventType "team-tourn"]
[EventCountry "GER"]
[WhiteTeam "Wiesbadener SV"]
[BlackTeam "Frankfurter TV"]
[WhiteTeamCountry "GER"]
[BlackTeamCountry "GER"]

1. e4 g6 2. d4 Bg7 3. Nf3 d6 4. c3 Nf6 5. Bd3 O-O 6. O-O Nc6 7. Re1 e5 8. dxe5
Nxe5 9. Nxe5 dxe5 10. Bg5 h6 11. Bh4 Qe8 12. Na3 Bd7 13. Qb3 Bc6 14. Bb5 a6 15.
Bxc6 Qxc6 16. Nc4 Qc5 17. Bxf6 Bxf6 18. Ne3 Bg5 19. Rad1 Rad8 20. Nd5 b5 21.
Qb4 Qc6 22. g3 Rd6 23. h4 Bd8 24. a4 bxa4 25. Ra1 Qd7 26. Qxa4 c6 27. Ne3 a5
28. Nc4 Rf6 29. Kg2 Re8 30. Qd1 Qa7 31. Qe2 Qc5 32. h5 Kg7 33. Rad1 Bb6 34. Rf1
Rd8 35. Rxd8 Bxd8 36. hxg6 fxg6 37. Rd1 Bc7 38. Rd7+ Rf7 39. Rxf7+ Kxf7 40. Ne3
h5 41. Qd1 Kf6 42. Qd7 Qd6 43. Qe8 Qe6 44. Qf8+ Kg5 45. Qg7 Bd8 46. Nf5 Qc4 47.
Qh6+ 1-0

[Event "Oberliga Ost B 2016 2017"]
[Site "Germany"]
[Date "2017.02.18"]
[Round "6.3"]
[White "Brueggemann, Ludger"]
[Black "Nehmert, Ulrich"]
[Result "0-1"]
[WhiteElo "2190"]
[BlackElo "2324"]
[PlyCount "120"]
[EventDate "2016.10.16"]
[EventType "team-tourn"]
[EventCountry "GER"]
[WhiteTeam "Frankfurter TV"]
[BlackTeam "Wiesbadener SV"]
[WhiteTeamCountry "GER"]
[BlackTeamCountry "GER"]

1. e4 e6 2. d4 d5 3. Nd2 Nf6 4. e5 Nfd7 5. Bd3 c5 6. c3 Nc6 7. Ne2 cxd4 8. cxd4
f6 9. exf6 Nxf6 10. Nf3 Bd6 11. O-O Qc7 12. Nc3 a6 13. Bg5 O-O 14. Rc1 Bd7 15.
a3 h6 16. Bh4 Bf4 17. Bg3 Nh5 18. Rc2 Nxg3 19. hxg3 Bd6 20. Re2 Rf6 21. Rfe1
Raf8 22. Bb1 Bc8 23. Qd3 g5 24. Nd1 Qg7 25. Ne3 Rxf3 26. gxf3 Nxd4 27. Kg2 Bd7
28. Ng4 Nxe2 29. Qxe2 h5 30. Ne5 g4 31. fxg4 Bxe5 32. Qxe5 hxg4 33. Bc2 Qxe5
34. Rxe5 Kf7 35. Rg5 Rg8 36. Rxg8 Kxg8 37. f4 gxf3+ 38. Kxf3 Kf7 39. Ke3 e5 40.
Bd1 Bf5 41. Bb3 Be6 42. Bd1 Kf6 43. Be2 Bf5 44. Bd1 d4+ 45. Kf3 Kg5 46. Bb3 e4+
47. Ke2 b6 48. Bc4 a5 49. Kf2 Bg4 50. Ke1 Kf6 51. Kd2 Ke5 52. Ba6 Bf3 53. Bc8
Kf6 54. Bd7 Kg5 55. Bc8 Bg4 56. Bb7 Bf5 57. Ke2 Kg4 58. Kf2 e3+ 59. Kg2 d3 60.
Bf3+ Kg5 0-1

[Event "Oberliga Ost B 2016 2017"]
[Site "Germany"]
[Date "2017.02.18"]
[Round "6.4"]
[White "Gottschalk, Jens"]
[Black "Rutkowski, Ingo"]
[Result "1/2-1/2"]
[WhiteElo "2282"]
[BlackElo "2168"]
[PlyCount "82"]
[EventDate "2016.10.16"]
[EventType "team-tourn"]
[EventCountry "GER"]
[WhiteTeam "Wiesbadener SV"]
[BlackTeam "Frankfurter TV"]
[WhiteTeamCountry "GER"]
[BlackTeamCountry "GER"]

1. d4 d5 2. c4 e6 3. Nf3 c5 4. cxd5 exd5 5. g3 Nf6 6. Bg2 Nc6 7. O-O Be7 8. Nc3
O-O 9. dxc5 Bxc5 10. Na4 Be7 11. Be3 Re8 12. Rc1 Bg4 13. Nc5 Bxc5 14. Bxc5 Qd7
15. Re1 Rad8 16. Nd4 Ne4 17. Nxc6 bxc6 18. Bd4 Nd6 19. Qc2 Rc8 20. e3 Nc4 21.
Qc3 f6 22. b3 Ne5 23. e4 Kh8 24. f4 Nf7 25. exd5 cxd5 26. Rxe8+ Qxe8 27. Qd2
Rxc1+ 28. Qxc1 Nd6 29. Bxd5 Nf5 30. Bf2 h5 31. Qe1 Qd7 32. Bg2 Nd4 33. Kh1 Nf3
34. Qc1 Qd3 35. h3 Bf5 36. Be3 Be4 37. Bf2 Nd2 38. Qg1 a5 39. Be1 Nf3 40. Bxf3
Qxf3+ 41. Kh2 Qd1 1/2-1/2

[Event "Oberliga Ost B 2016 2017"]
[Site "Germany"]
[Date "2017.02.18"]
[Round "6.5"]
[White "Neininger, Ralph"]
[Black "Ress, Tamas"]
[Result "0-1"]
[WhiteElo "2125"]
[BlackElo "2305"]
[PlyCount "34"]
[EventDate "2016.10.16"]
[EventType "team-tourn"]
[EventCountry "GER"]
[WhiteTeam "Frankfurter TV"]
[BlackTeam "Wiesbadener SV"]
[WhiteTeamCountry "GER"]
[BlackTeamCountry "GER"]

1. Nf3 f5 2. g3 Nf6 3. Bg2 d6 4. d4 g6 5. O-O Bg7 6. c4 O-O 7. Nc3 Nc6 8. e3 e5
9. b3 e4 10. Nd2 Nb4 11. f3 Bh6 12. f4 Bg7 13. Ba3 a5 14. Rc1 c5 15. dxc5 Ng4
16. Qe2 dxc5 17. Kh1 Qd3 0-1

[Event "Oberliga Ost B 2016 2017"]
[Site "Germany"]
[Date "2017.02.18"]
[Round "6.6"]
[White "Minor, Samuel"]
[Black "Du Maire, Jerome"]
[Result "0-1"]
[WhiteElo "2189"]
[BlackElo "2169"]
[PlyCount "88"]
[EventDate "2016.10.16"]
[EventType "team-tourn"]
[EventCountry "GER"]
[WhiteTeam "Wiesbadener SV"]
[BlackTeam "Frankfurter TV"]
[WhiteTeamCountry "GER"]
[BlackTeamCountry "GER"]

1. e4 e6 2. d3 c5 3. Nf3 Nc6 4. g3 g6 5. Bg2 Bg7 6. Nc3 Nge7 7. Be3 Nd4 8. Qd2
d5 9. exd5 exd5 10. Bf4 Nxf3+ 11. Bxf3 Be6 12. Nb5 O-O 13. Nc7 g5 14. Nxa8 gxf4
15. Qxf4 Qxa8 16. O-O Ng6 17. Qc1 Qc8 18. Re1 Qd7 19. Rb1 Ne5 20. Bg2 Nc6 21.
a3 a5 22. Qf4 b5 23. c3 Rc8 24. Rbc1 a4 25. Qg5 h6 26. Qh5 Qd6 27. Bh3 Bxh3 28.
Qxh3 Rb8 29. Qf5 Ne5 30. Re2 Qf6 31. Qxf6 Bxf6 32. Rd1 b4 33. cxb4 cxb4 34.
axb4 Rxb4 35. Rc2 Kg7 36. Kf1 Nf3 37. Kg2 Nd4 38. Rcd2 Nb5 39. Rb1 a3 40. b3
Nc3 41. Rc1 Rxb3 42. Rdc2 a2 43. Ra1 Be7 44. Kf3 Ba3 0-1

[Event "Oberliga Ost B 2016 2017"]
[Site "Germany"]
[Date "2017.02.18"]
[Round "6.7"]
[White "Krzesinski, Paul"]
[Black "Wichmann, Daniel"]
[Result "1/2-1/2"]
[WhiteElo "2046"]
[BlackElo "2190"]
[PlyCount "100"]
[EventDate "2016.10.16"]
[EventType "team-tourn"]
[EventCountry "GER"]
[WhiteTeam "Frankfurter TV"]
[BlackTeam "Wiesbadener SV"]
[WhiteTeamCountry "GER"]
[BlackTeamCountry "GER"]

1. e4 Nf6 2. Nc3 e5 3. Nf3 Bb4 4. a3 Ba5 5. Nxe5 O-O 6. Nc4 Bxc3 7. dxc3 Nxe4
8. Be3 d5 9. Nd2 Nf6 10. Nf3 Ng4 11. Bg5 Qd6 12. Qe2 Qb6 13. O-O-O Qxf2 14.
Rxd5 c6 15. Rd2 Qxe2 16. Bxe2 Nd7 17. Rf1 Nde5 18. Nxe5 Nxe5 19. Bf4 Ng6 20.
Bd6 Re8 21. c4 Be6 22. c5 Rad8 23. Bf3 Nh4 24. Rd4 Nxf3 25. Rxf3 f6 26. Rb4 Bc8
27. Kd2 Re5 28. Rd4 Re6 29. Rfd3 Rde8 30. g4 Re2+ 31. Kc3 Kf7 32. h3 Rg2 33.
Bf4 h6 34. Bd2 Rge2 35. b4 Be6 36. Kb2 a6 37. a4 Rh2 38. c4 h5 39. Ka3 hxg4 40.
hxg4 Rg2 41. g5 fxg5 42. b5 Bf5 43. Rf3 g6 44. Bc3 g4 45. Rf1 Re3 46. Rd7+ Re7
47. Rxe7+ Kxe7 48. Re1+ Kf7 49. Be5 Rf2 50. Kb4 axb5 1/2-1/2

[Event "Oberliga Ost B 2016 2017"]
[Site "Germany"]
[Date "2017.02.18"]
[Round "6.8"]
[White "Mayer, Frank"]
[Black "Rondonuwu, Grover"]
[Result "0-1"]
[WhiteElo "2145"]
[BlackElo "2087"]
[PlyCount "80"]
[EventDate "2016.10.16"]
[EventType "team-tourn"]
[EventCountry "GER"]
[WhiteTeam "Wiesbadener SV"]
[BlackTeam "Frankfurter TV"]
[WhiteTeamCountry "GER"]
[BlackTeamCountry "GER"]

1. e4 c5 2. c3 Nf6 3. e5 Nd5 4. Nf3 e6 5. d4 cxd4 6. cxd4 d6 7. Bc4 Nb6 8. Bb3
Nc6 9. O-O dxe5 10. dxe5 Qxd1 11. Rxd1 Na5 12. Bc2 Bd7 13. Nc3 Rc8 14. Be4 Bb4
15. Ne2 Bc6 16. Bxc6+ Nxc6 17. Bf4 O-O 18. Rac1 Rfd8 19. Rxd8+ Rxd8 20. Kf1 h6
21. a3 Bf8 22. Nc3 Nd5 23. Nxd5 Rxd5 24. Ke2 g5 25. Bg3 g4 26. Nd2 Nxe5 27. Rc7
Rb5 28. b4 Nc6 29. Nc4 Nd4+ 30. Kd3 Nf5 31. Na5 Rd5+ 32. Ke2 b6 33. Nc6 a5 34.
bxa5 bxa5 35. Ra7 Rc5 36. Nxa5 Nxg3+ 37. fxg3 Rc2+ 38. Ke1 Bxa3 39. Nb3 Bb4+
40. Kf1 Rb2 0-1

[Event "Oberliga Ost B 2016 2017"]
[Site "Germany"]
[Date "2017.02.18"]
[Round "6.1"]
[White "Alber, Horst"]
[Black "Lubbe, Nikolas"]
[Result "0-1"]
[WhiteElo "2318"]
[BlackElo "2500"]
[PlyCount "58"]
[EventDate "2016.10.16"]
[EventType "team-tourn"]
[EventCountry "GER"]
[WhiteTeam "Marburg SK"]
[BlackTeam "Neuberg SF"]
[WhiteTeamCountry "GER"]
[BlackTeamCountry "GER"]

1. d4 Nf6 2. c4 e6 3. Nc3 Bb4 4. e3 O-O 5. Nge2 d5 6. a3 Be7 7. Nf4 c6 8. Bd3
Nbd7 9. cxd5 exd5 10. Qf3 Re8 11. Bd2 Nf8 12. h3 Bd6 13. O-O Qe7 14. Rfc1 Ne4
15. Be1 f5 16. g3 g5 17. Ng2 Ng6 18. Qh5 Be6 19. Rc2 Bf7 20. Qf3 Rf8 21. Bf1
Rae8 22. b4 f4 23. exf4 gxf4 24. gxf4 Be6 25. Nxe4 dxe4 26. Qxe4 Qg7 27. Rc3
Nxf4 28. f3 Bxh3 29. Qc2 Bxg2 0-1

[Event "Oberliga Ost B 2016 2017"]
[Site "Germany"]
[Date "2017.02.18"]
[Round "6.2"]
[White "Lubbe, Melanie"]
[Black "Henrich, Thomas"]
[Result "0-1"]
[WhiteElo "2261"]
[BlackElo "2212"]
[PlyCount "152"]
[EventDate "2016.10.16"]
[EventType "team-tourn"]
[EventCountry "GER"]
[WhiteTeam "Neuberg SF"]
[BlackTeam "Marburg SK"]
[WhiteTeamCountry "GER"]
[BlackTeamCountry "GER"]

1. e4 e6 2. d4 d5 3. Nc3 Bb4 4. Nge2 Nc6 5. a3 Ba5 6. b4 Bb6 7. Bb2 Nge7 8. g3
e5 9. dxe5 Nxe5 10. Nf4 Bg4 11. Be2 Bxe2 12. Qxe2 Nc4 13. Bc1 Bd4 14. Nfxd5
Nxd5 15. exd5+ Qe7 16. Bd2 a5 17. bxa5 Rxa5 18. Rb1 Nxd2 19. Qxe7+ Kxe7 20.
Kxd2 Bxc3+ 21. Kxc3 Rxa3+ 22. Kd4 b6 23. Rhe1+ Kd6 24. Re3 Rha8 25. Rxa3 Rxa3
26. Rb2 Ra1 27. c4 Rd1+ 28. Kc3 Kc5 29. Rb5+ Kd6 30. h4 Rf1 31. Rb2 Re1 32. Kd4
f5 33. Ra2 g6 34. Kd3 Re4 35. Rb2 Rg4 36. Re2 Kc5 37. Re7 Rd4+ 38. Kc3 Rxc4+
39. Kb3 Kxd5 40. Rxh7 Rc6 41. h5 gxh5 42. Rxh5 Ke4 43. Rh4+ Ke5 44. Rh5 Rg6 45.
Kc4 c6 46. Rh8 Ke4 47. Rh4+ Rg4 48. Rh6 Ke5+ 49. f4+ Ke4 50. Rxc6 Rxg3 51. Rxb6
Rg1 52. Kc3 Rd1 53. Rb4+ Ke3 54. Kc2 Rd2+ 55. Kc3 Rf2 56. Rb5 Rxf4 57. Re5+ Kf2
58. Kd3 Rf3+ 59. Kd4 Kg3 60. Ra5 Kf4 61. Rb5 Ra3 62. Rc5 Kg4 63. Rc8 f4 64. Ke4
Re3+ 65. Kd4 Re7 66. Kd3 Kg3 67. Rf8 f3 68. Rg8+ Kf2 69. Rf8 Kg2 70. Kd2 f2 71.
Rg8+ Kf1 72. Rf8 Rd7+ 73. Kc2 Rd5 74. Rf7 Kg2 75. Rg7+ Kf3 76. Rf7+ Kg3 0-1

[Event "Oberliga Ost B 2016 2017"]
[Site "Germany"]
[Date "2017.02.18"]
[Round "6.3"]
[White "Rolle, Eric"]
[Black "Wahedi, Ahmad Siar"]
[Result "1-0"]
[WhiteElo "2195"]
[BlackElo "2294"]
[PlyCount "117"]
[EventDate "2016.10.16"]
[EventType "team-tourn"]
[EventCountry "GER"]
[WhiteTeam "Marburg SK"]
[BlackTeam "Neuberg SF"]
[WhiteTeamCountry "GER"]
[BlackTeamCountry "GER"]

1. d4 d5 2. Nf3 Nf6 3. e3 c5 4. Bd3 Nc6 5. b3 Bg4 6. Bb2 e6 7. Nbd2 Be7 8. O-O
O-O 9. dxc5 Bxc5 10. a3 Bh5 11. Qe1 Re8 12. e4 dxe4 13. Nxe4 Nxe4 14. Bxe4 Qb6
15. Bxc6 Qxc6 16. Qe5 Bf8 17. Qxh5 Qxc2 18. Bd4 f6 19. b4 e5 20. Be3 a5 21.
Rfc1 Qa4 22. Rab1 Qxa3 23. bxa5 Rec8 24. Rxc8 Rxc8 25. Qf5 Rc6 26. h4 Qxa5 27.
Rxb7 Qd5 28. Rb8 Qd1+ 29. Kh2 Qd6 30. Rb5 Qe6 31. Qxe6+ Rxe6 32. Rb8 Kf7 33.
Nd2 Re8 34. Rb7+ Re7 35. Rb5 Rc7 36. Ne4 Rc4 37. f3 h6 38. Bc5 f5 39. Nd6+ Bxd6
40. Bxd6 Rxh4+ 41. Kg3 g5 42. Bxe5 f4+ 43. Kf2 Rh1 44. Ra5 Rc1 45. Ra7+ Ke6 46.
Bg7 h5 47. Ra6+ Kf7 48. Bd4 Rc4 49. Bb6 g4 50. Ra2 Rb4 51. Ba7 Kg6 52. Ke2 Rb3
53. Rc2 h4 54. Bf2 g3 55. Be1 Re3+ 56. Kf1 h3 57. gxh3 Kg5 58. Rc5+ Kh4 59. Rf5
1-0